Report of the Taxation Enquiry and Resources Committee Punjab, 1971 (Record no. 489370)

000 -LEADER
fixed length control field 00438cam a22001337a 4500
008 - FIXED-LENGTH DATA ELEMENTS--GENERAL INFORMATION
fixed length control field 180718b1971 xxu||||| |||| 00| 0 eng d
082 ## - DEWEY DECIMAL CLASSIFICATION NUMBER
Classification number L2x5433 P969
100 ## - MAIN ENTRY--PERSONAL NAME
Personal name Punjab. Taxation Enquiry and Resources Committee
245 ## - TITLE STATEMENT
Title Report of the Taxation Enquiry and Resources Committee Punjab, 1971
260 ## - PUBLICATION, DISTRIBUTION, ETC.
Place of publication, distribution, etc. Chandigarh
Name of publisher, distributor, etc. The author
Date of publication, distribution, etc. 1971
300 ## - PHYSICAL DESCRIPTION
Extent 514+p.
500 ## - GENERAL NOTE
General note Chairman: Baldev Pradash
700 ## - ADDED ENTRY--PERSONAL NAME
Personal name Prakash, Baldev, Chairman
Holdings
Withdrawn status Lost status Damaged status Not for loan Permanent Location Current Location Date acquired Full call number Barcode Date last seen Price effective from Koha item type
        Indian Institute of Public Administration Indian Institute of Public Administration 2018-08-04 L2x5433 P969 G11564 2018-08-04 2018-08-04 G

Powered by Koha